Advertising Slogans in Other Words Quiz Stats

 Plays Quiz Updated Jul 13, 2015

Challenge
Share
Tweet
Embed
Score 0/15 Timer 05:00
0 Plays Today
In Other Words Product or Company % Correct
Dissolves between your lips, as opposed to your extremities.M&Ms
84.9%
Does my voice reach your ears at this time?Verizon
81.8%
The first daily meal of winners.Wheaties
80.5%
The most joyful location on the third planet from the sun.Disneyland
69.4%
I wager that you are unable to consume just a single piece.Lay's Potato Chips
67%
You are currently allowed to drift around the United States.Southwest Airlines
55.1%
It supplies you with devices of flight.Red Bull
53.8%
Pleasing until the final morsel.Maxwell House
47.7%
In Other Words Product or Company % Correct
Adolescent tried.
Child-bearer accepted.
Kix
47.6%
Lacking a cash value.MasterCard
45%
Comply with your desire for liquid.Sprite
38.5%
Conceive in an alternate fashion.Apple
27.8%
Carbon in network solid form is infinite.De Beers
25%
Move very quickly.
Move very quickly.
Mazda
24.5%
Assume an increased value.
Bestow a reduced value.
Target
17.8%

You're not logged in!

Compare scores with friends on all Sporcle quizzes.
Join for Free
OR
Log In

You Might Also Like...

Show Comments

Extras

Top Quizzes Today


Score Distribution

Your Account Isn't Verified!

In order to create a playlist on Sporcle, you need to verify the email address you used during registration. Go to your Sporcle Settings to finish the process.

Report this User

Report this user for behavior that violates our Community Guidelines.

Details: